000 00624nam a2200229 i 4500
001 C2-0002804
003 PPAK
005 20190630221757.0
008 970122s1995 io |||| ||||| | may d
040 _aPPAK
_beng
_cPPAK
_erda
082 0 4 _a899.2213
_223
090 0 0 _a899.2213
_bAHM
_dG
100 0 _aAhmad Tohari,
_eauthor
245 1 0 _aLintang kemukus dinihari
264 1 _aJakarta, Indonesia :
_bPT Gramedia Pustaka Utama ,
_c1995
300 _a211 pages ;
_c18 cm
336 _2rdacontent
_atext
337 _2rdamedia
_aunmediated
338 _2rdacarrier
_avolume
650 1 0 _aIndonesian fiction
942 _ddc
_cB
999 _c263
_d263